00266nam a2200109Ia 4500008004100000100001800041245003000059260003100089650001200120942000700132999001700139190216s9999||||xx |||||||||||||| ||und|| aCharles Fabri 0aDiscovery Indian Salphets bAffiliated East West Press aEnglish cBK c12347d12347